000 01947pam a2200373 a 4500
001 2976962
005 20060718182213.0
008 920420s1993 riuab b 001 0 eng
010 _a 92015997
020 _a0854967389
020 _a0854968725 (pbk.)
040 _aDLC
_cDLC
_dDLC
043 _afb-----
050 0 0 _aBV2610
_b.W66 1993
245 0 0 _aWomen and missions :
_bpast and present : anthropological and historical perceptions /
_cedited by Fiona Bowie, Deborah Kirkwood, and Shirley Ardener.
260 _aProvidence, RI :
_bBerg,
_c1993.
300 _axx, 279 p. :
_bill., maps ;
_c23 cm.
440 0 _aCross-cultural perspectives on women
504 _aIncludes bibliographical references and indexes.
650 0 _aWomen in missionary work.
650 0 _aMissions
_zAfrica, Sub-Saharan.
700 1 _aBowie, Fiona.
700 1 _aKirkwood, Deborah.
700 1 _aArdener, Shirley.
856 4 2 _3Contributor biographical information
_uhttp://www.loc.gov/catdir/enhancements/fy0601/92015997-b.html
856 4 2 _3Publisher description
_uhttp://www.loc.gov/catdir/enhancements/fy0601/92015997-d.html
856 4 1 _3Table of contents only
_uhttp://www.loc.gov/catdir/enhancements/fy0601/92015997-t.html
906 _a7
_bcbc
_corignew
_d1
_eocip
_f19
_gy-gencatlg
942 _2lcc
_cBK
999 _c25619
_d25619